000 00249nam a22001097a 4500
008 160523b xxu||||| |||| 00| 0 eng d
020 _a9780534492588
041 _aeng
080 _a615
245 _aCollege physics:
_cServay Faugbn;
942 _2udc
_cBK
999 _c2386
_d2386